Normal view
MARC view
- DME TEXTBOOK.APPLIED NUMERICAL ANALYSIS
Entry Topical Term
001 - CONTROL NUMBER
- control field: 91754
003 - CONTROL NUMBER IDENTIFIER
- control field: NUST
005 - DATE AND TIME OF LATEST TRANSACTION
- control field: 20220523151910.0
008 - FIXED-LENGTH DATA ELEMENTS
- fixed length control field: 220523|| aca||aabn | a|a d
040 ## - CATALOGING SOURCE
- Original cataloging agency: NUST
- Transcribing agency: NUST
150 ## - HEADING--TOPICAL TERM
- Topical term or geographic name entry element: DME TEXTBOOK.APPLIED NUMERICAL ANALYSIS
670 ## - SOURCE DATA FOUND
- Source citation: Work cat.: (NUST)589868: Gerald, Curtis F. 104, Applied Numerical Analysis, 2016
